| 000 | 00678nam a2200217 i 4500 | ||
|---|---|---|---|
| 001 | 68881 | ||
| 003 | ES-MaACL | ||
| 005 | 20250901075050.0 | ||
| 007 | t| | ||
| 008 | 040715s2004 sp a ||||1| spa d | ||
| 080 | _a654.195(460)(091) | ||
| 100 | 1 |
_aGinzo, Juana. _957151 |
|
| 245 | 1 | 0 |
_aMis días de radio _b: la España de los cincuenta a través de las ondas / _cJuan Ginzo y Luis Rodríguez Olivares. |
| 250 | _a1ª ed. | ||
| 260 |
_aMadrid : _bTemas de hoy, _c2004. |
||
| 300 |
_a390 p. : _bil. ; _c24 cm. |
||
| 650 | 4 |
_aProgramas de radio- _zEspaña _916663 |
|
| 700 | 1 |
_aRodríguez Olivares, Luis. _998707 |
|
| 852 |
_aES-MaACL _jL-28084 |
||
| 999 |
_c68881 _d68881 |
||